Carlos VII, el primer Borbón en México (Record no. 1247)

MARC details
000 -CABECERA
campo de control de longitud fija 00588nam a2200169 a 4500
001 - NÚMERO DE CONTROL
campo de control BRCA_1385
005 - FECHA Y HORA DE LA ÚLTIMA TRANSACCIÓN
campo de control 20190320203414.0
008 - DATOS DE LONGITUD FIJA--INFORMACIÓN GENERAL
campo de control de longitud fija 800510s1978 mx-a---###---f000-0#spa-#
050 #4 - SIGNATURA TOPOGRÁFICA DE LA BIBLIOTECA DEL CONGRESO
Número de clasificación DP226
Número de documento/Ítem .D53 1978
100 1# - ENTRADA PRINCIPAL--NOMBRE DE PERSONA
Nombre de persona Díaz de Ovando, Clementina
9 (RLIN) 850
245 10 - MENCIÓN DE TÍTULO
Título Carlos VII, el primer Borbón en México
Mención de responsabilidad, etc. Clementina Díaz de Ovando.
260 ## - PUBLICACIÓN, DISTRIBUCIÓN, ETC.
Lugar de publicación, distribución, etc. México
Nombre del editor, distribuidor, etc. UNAM, Dirección General de Publicaciones
Fecha de publicación, distribución, etc. 1978
300 ## - DESCRIPCIÓN FÍSICA
Extensión 138 p.
Otras características físicas il.
Dimensiones 24 cm.
600 14 - PUNTO DE ACCESO ADICIONAL DE MATERIA--NOMBRE DE PERSONA
Nombre de persona Carlos
Títulos y otros términos asociados al nombre Príncipe de borbón
Fechas asociadas al nombre 1848-1909
Subdivisión general Recorrido
Subdivisión geográfica México
9 (RLIN) 4533
650 14 - PUNTO DE ACCESO ADICIONAL DE MATERIA--TÉRMINO DE MATERIA
Término de materia o nombre geográfico como elemento de entrada Opinión pública
Subdivisión geográfica México
9 (RLIN) 4534
942 ## - ELEMENTOS DE PUNTO DE ACCESO ADICIONAL (KOHA)
Fuente del sistema de clasificación o colocación Library of Congress Classification
Tipo de ítem Koha Libros
Holdings
Estado de retiro Estado de pérdida Estado dañado No para préstamo Localización permanente Ubicación/localización actual Fecha de adquisición Total de préstamos Signatura topográfica completa Código de barras Fecha visto por última vez Precio válido a partir de Tipo de ítem Koha
El ejemplar forma parte de la colección y puede ser consultado según las políticas vigentes.       Biblioteca del Museo Franz Mayer (Rogerio Casas-Alatriste) Biblioteca del Museo Franz Mayer (Rogerio Casas-Alatriste) 26/06/2008   DP226 .D53 1978 01906 22/03/2019 22/03/2019 Libros